| 000 | 00693nam a2200205 i 4500 | ||
|---|---|---|---|
| 001 | 94711 | ||
| 003 | ES-MaACL | ||
| 005 | 20250822062549.0 | ||
| 007 | t| | ||
| 008 | 050512s1903 fr ||||1| fre d | ||
| 100 | 1 |
_aLubac, Emile. _974489 |
|
| 245 | 1 | 0 |
_aEsquisse d'un systéme de psychologie rationnelle _b: leçons de psychologie / _cpar Emile Lubac ; préface de M. Henri Bergson. |
| 260 |
_aParís : _bFélix Alcan, _c1903. |
||
| 490 | 1 | _aBibliothèque de philosophie contemporaine | |
| 650 | 7 |
_aPsicología _2embne _916540 |
|
| 700 | 1 |
_aBergson, Henri. _928013 |
|
| 830 | 1 |
_aBibliothèque de philosophie contemporaine _9181027 |
|
| 852 |
_aES-MaACL _jB-6855 |
||
| 999 |
_c94711 _d94711 |
||